
Library Catalogue

| 000 -LEADER | |
|---|---|
| fixed length control field | 01219cam a2200253 i 4500 |
| 001 - CONTROL NUMBER | |
| control field | 18741544 |
| 005 - DATE AND TIME OF LATEST TRANSACTION | |
| control field | 20251226064950.0 |
| 008 - FIXED-LENGTH DATA ELEMENTS--GENERAL INFORMATION | |
| fixed length control field | 150813s2016 enk 000 0 eng |
| 010 ## - LIBRARY OF CONGRESS CONTROL NUMBER | |
| LC control number | 2015023392 |
| 020 ## - INTERNATIONAL STANDARD BOOK NUMBER | |
| International Standard Book Number | 9781137567178 |
| 082 00 - DEWEY DECIMAL CLASSIFICATION NUMBER | |
| Classification number | 306.36 MUN |
| 100 1# - MAIN ENTRY--PERSONAL NAME | |
| Personal name | Münch, Richard |
| 245 14 - TITLE STATEMENT | |
| Title | The global division of labour : |
| Remainder of title | development and inequality in world society / |
| Statement of responsibility, etc. | by Richard Münch |
| 264 #1 - PRODUCTION, PUBLICATION, DISTRIBUTION, MANUFACTURE, AND COPYRIGHT NOTICE | |
| Place of production, publication, distribution, manufacture | New York : |
| Name of producer, publisher, distributor, manufacturer | Palgrave Macmillan, |
| Date of production, publication, distribution, manufacture, or copyright notice | 2016. |
| 300 ## - PHYSICAL DESCRIPTION | |
| Extent | xi, 269 p. : |
| Other physical details | ill. ; |
| Dimensions | 23 cm. |
| 490 0# - SERIES STATEMENT | |
| Series statement | International political economy series |
| 505 ## - Contents | |
| Contents | 1. Introduction: The dynamics of global labour division; 2. The field of global trade: IGOs, NGOs and transnational corporations; 3. The principles of global trade: The World Trade Organization; 4. Development and inequality under the regime of free trade: What do we know?; 5. Global labour division, development and inequality; with Christian Dressel; 6. Conclusion: Development and inequality in world society |
| 650 #0 - SUBJECT ADDED ENTRY--TOPICAL TERM | |
| Topical term or geographic name entry element | International division of labor. |
| 650 #0 - SUBJECT ADDED ENTRY--TOPICAL TERM | |
| Topical term or geographic name entry element | International economic relations. |
| 650 #0 - SUBJECT ADDED ENTRY--TOPICAL TERM | |
| Topical term or geographic name entry element | Division of labor. |
| 650 #0 - SUBJECT ADDED ENTRY--TOPICAL TERM | |
| Topical term or geographic name entry element | Economic development. |
| 650 #0 - SUBJECT ADDED ENTRY--TOPICAL TERM | |
| Topical term or geographic name entry element | Globalization |
| General subdivision | Economic aspects. |
| 942 ## - ADDED ENTRY ELEMENTS (KOHA) | |
| Source of classification or shelving scheme | Dewey Decimal Classification |
| Koha item type | BOOKs |
| Withdrawn status | Lost status | Damaged status | Not for loan | Home library | Current library | Shelving location | Date acquired | Cost, normal purchase price | Total Checkouts | Full call number | Barcode | Date last seen | Price effective from | Koha item type |
|---|---|---|---|---|---|---|---|---|---|---|---|---|---|---|
| NLS | NLS | General Stacks | 30/05/2017 | 6578.00 | 306.36 MUN | 35061 | 30/05/2017 | 30/05/2017 | BOOKs |